000
00250nam a2200109Ia 4500
008
231212s1970 xx 000 0 und d
041
_a
eng
082
_a
621.38804
100
_a
Chilikin
245
_a
Electric Drive
260
_a
Mascow
_b
Mir Pub
_c
1970
999
_c
958512
_d
958512